000 00994nam a2200301Ia 4500
001 000823
008 221003m1995 xx 000 0 spa d
035 _aCENDO_12
041 _aspa
100 _aGARCIA DIAZ, Miguel Ángel
_965
245 0 _aCompetitividad, política macroeconómica, cargas fiscales y parafiscales de las empresas /
_cMiguel Ángel García Díaz
260 _aMadrid :
_bGabinete Técnico Confederal,
_c1995
300 _a48 h. :
_bil., tab. ;
_c 30 cm
490 _aDocumentos de trabajo ;
_v28
650 _aPOLITICA FISCAL
_966
650 _aEMPRESA
_967
650 _aPOLITICA ECONOMICA
_945
650 0 _aACTITUD SINDICAL
_961
710 _aCCOO
_bConfederación Sindical
_bGabinete Técnico
_964
856 _zPDF
_uhttp://docpublicos.ccoo.es/cendoc/000823CompetitividadPoliticaMacroeconomicaGabineteTecnico1995.pdf
901 _a1
903 _aNO
904 _a000
953 _d1995-06-09
_yDOCU_ELEC
999 _c11
_d11
910 _a1995
942 _cDOCU_ELEC